000 00298nam a22001457a 4500
003 SGT
020 _a0-19-012413-X
082 _a658.827
_bDUT
100 _aDUTTA, KIRTI
245 _aBRAND MANAGEMENT
250 _a2ND
260 _aDELHI
_bOXFORD
_c2022
300 _a460
942 _2ddc
_cBK
_016
999 _c23018
_d23018